00468 2200193 4500245004300000020001800043250001100061100001700072700001900089700001800108650001700126005001900143260003100162041001400193084001300207300003400220336000900254338001100263 aFamily Rush Vol. 2cMizuki, KuzehText a9786022107781 aCet. 1 aMizuki, Kuze aMarin Hermanto aLidwina Leung aKomik Jepang a20230202103304 aJakartabPT Gramediac2012 aIndonesia a741.5592 a... jil. :bilus. ;c17,5 cm. atext avolume